Культурология: основы теории: учебное пособие

Sonraí bibleagrafaíochta
Príomhchruthaitheoir: Черная Л. А. Людмила Алексеевна
Teanga:Rúisis
Foilsithe / Cruthaithe: Москва, Логос, 2003
Ábhair:
Formáid: LEABHAR
KOHA link:https://koha.lib.tpu.ru/cgi-bin/koha/opac-detail.pl?biblionumber=57175

MARC

LEADER 00000nam0a2200000 4500
001 57175
005 20231031054114.0
010 |a 5940101691 
035 |a (RuTPU)RU\TPU\book\60310 
090 |a 57175 
100 |a 20031024d2003 m y0rusy50 ca 
101 0 |a rus 
102 |a RU 
105 |a a j 001zy 
200 1 |a Культурология: основы теории  |e учебное пособие  |f Л. А. Черная 
210 |a Москва  |c Логос  |d 2003 
215 |a 184 с.  |c ил. 
320 |a Библиография: с. 166-169 
610 1 |a культура 
610 1 |a культурология 
610 1 |a теория 
610 1 |a история 
610 1 |a 20 век 
610 1 |a учебные пособия 
686 |a Ч111я73  |v LBC/SL-A  |2 rubbk 
700 1 |a Черная  |b Л. А.  |g Людмила Алексеевна 
801 1 |a RU  |b 63413507  |c 20031024  |g PSBO 
801 2 |a RU  |b 63413507  |c 20130111  |g PSBO 
900 |a Культурология 
942 |c BK 
952 |a 520100  |b 020600